| 000 | 01696cam a2200457 4500 | ||
|---|---|---|---|
| 999 |
_c23385 _d23385 |
||
| 001 | vtls012060887 | ||
| 005 | 20221006120643.0 | ||
| 008 | 210706s2021 xo erh 010 f slo | ||
| 020 |
_a9788055647463 _q(viazané) |
||
| 040 |
_aTTKJF _bslo _cTTKJF _dSNK _erda |
||
| 041 | 1 |
_aslo _heng |
|
| 044 |
_axo _cSK |
||
| 072 | 7 |
_a821.111-3 _xAnglická próza, anglicky písaná _2konspekt |
|
| 080 |
_a821.111-31 _22011 |
||
| 080 |
_a(0:82-311.6) _22011 |
||
| 080 |
_a(410.1) _22011 |
||
| 100 | 1 |
_aGregory, Philippa, _d1954- _4aut _93578 |
|
| 240 | 1 | 4 |
_aThe Taming of the Queen _lSlovensky |
| 245 | 1 | 0 |
_aSkrotenie kráľovnej _cPhilippa Gregory ; z angličtiny preložil Otakar Kořínek |
| 264 | 1 |
_aBratislava _bSlovart _c2021 |
|
| 300 |
_a366 strán _c24 cm |
||
| 336 |
_atext _btxt _2rdacontent |
||
| 337 |
_abez média _bn _2rdamedia |
||
| 338 |
_azväzok _bnc _2rdacarrier |
||
| 500 | _aObsahuje stručné biografické údaje o autorke na záložke prebalu publikácie | ||
| 500 | _aPreložené z angličtiny | ||
| 600 | 0 | 7 |
_aParrová, Katarína, _ckráľovná, manželka Henricha VIII., anglického kráľa, _d1512-1548 _2SNKMA _93584 |
| 600 | 0 | 7 |
_aHenrich _bVIII., _canglický kráľ, _d1491-1547 _2SNKMA _93585 |
| 600 | 3 | 7 |
_aTudorovci (dynastia) _2SNKMA _93586 |
| 648 | 7 |
_a16. stor. _2SNKPH _93587 |
|
| 648 | 7 |
_a16th century _2SNKPHeng _93588 |
|
| 651 | 7 |
_aAnglicko _2SNKPHgeo _93581 |
|
| 651 | 7 |
_aEngland _2SNKPHeng _93582 |
|
| 655 | 7 |
_aanglické romány _2SNKPH _98 |
|
| 655 | 7 |
_ahistorické romány _2SNKPH _91688 |
|
| 655 | 7 |
_aEnglish fiction _2SNKPHeng _99 |
|
| 655 | 7 |
_aHistorical novels _2SNKPHeng _91689 |
|
| 700 | 1 |
_aKořínek, Otakar, _d1946- _4trl _93589 |
|
| 958 | _aLX | ||
| 958 | _aUP | ||